000 00526nam a22001697a 4500
999 _c172345
_d172345
005 20200204155100.0
010 _aENG-127619
020 _a9789388322607
_c350.00
035 _aEN-111151
037 _bDBAD/PUB
082 _a331.4133
245 _aPrevention of Sexual Harassment at the workplace/
260 _aGurugram
_bHachette India
_c2019
270 _bGurugram
_a4th & 5th floor , corporate centre, plot no-94,sector-44
_e122003
300 _axv;206p.
_b20cm(hb)
942 _2ddc
_cEN
_h331.4133
_mPRE